Мария Николаевна Ермолова (Запись № 7623859)

Подробности
000 -МАРКЕР
контрольное поле 01287nam0a22002771 4500
001 - ИДЕНТИФИКАТОР ЗАПИСИ
контрольное поле v19\rc\2044868
005 - ИДЕНТИФИКАТОР ВЕРСИИ
контрольное поле 20250620020811.0
035 ## - ДРУГИЕ СИСТЕМНЫЕ НОМЕРА
Идентификатор записи (NLR Aleph) 005124337
100 ## - ДАННЫЕ ОБЩЕЙ ОБРАБОТКИ
Данные общей обработки 20081111d1905 |||y0rusy50 ca
101 0# - ЯЗЫК РЕСУРСА
Язык текста, звукозаписи и т.д. русский
102 ## - СТРАНА ПУБЛИКАЦИИ ИЛИ ПРОИЗВОДСТВА
Страна публикации российская федерация
105 ## - ПОЛЕ КОДИРОВАННЫХ ДАННЫХ: ТЕКСТОВЫЕ МАТЕРИАЛЫ, МОНОГРАФИЧЕСКИЕ
Кодированные данные о монографическом текстовом документе a z |||||
200 1# - ЗАГЛАВИЕ И СВЕДЕНИЯ ОБ ОТВЕТСТВЕННОСТИ
Основное заглавие Мария Николаевна Ермолова
Сведения, относящиеся к заглавию [Сценическая деятельность]
Первые сведения об ответственности [Статьи: проф. Н.И. Стороженко, А.И. Южина, М.И. Лаврова и Н.Е. Эфроса
Последующие сведения об ответственности Рис.: Л.О. Пастернака и И.С. Ягужинского]
210 ## - ПУБЛИКАЦИЯ, РАСПРОСТРАНЕНИЕ И ДР.
Место издания, распространения и т.д. Москва
Имя издателя, распространителя и т. д. А.А. Бахрушин
Дата издания, распространения и т.д. 1905
215 ## - ФИЗИЧЕСКАЯ ХАРАКТЕРИСТИКА
Специфическое обозначение материала и объем [4], VII, 171 с., 6 л. ил.
Другие сведения о физической характеристике ил.
Размеры 23
464 #0 - АНАЛИТИЧЕСКИЙ УРОВЕНЬ
Встроенное поле 701#1$aСтороженко$bН.И.
-- 701#1$aЮжин$bА.И.$f1857-1927$gАлександр Иванович
-- 701#1$aЛавров$bМ.И.
-- 701#1$aЭфрос$bН.Е.$f1867-1923$gНиколай Ефимович
702 #1 - ИМЯ ЛИЦА - ВТОРИЧНАЯ ОТВЕТСТВЕННОСТЬ
Начальный элемент ввода Ермолова
Часть имени, кроме начального элемента ввода М.Н.
Даты 1853-1928
Расширение инициалов личного имени Мария Николаевна
Код отношения Прочие
702 #1 - ИМЯ ЛИЦА - ВТОРИЧНАЯ ОТВЕТСТВЕННОСТЬ
Начальный элемент ввода Пастернак
Часть имени, кроме начального элемента ввода Л.О.
Код отношения Иллюстратор
702 #1 - ИМЯ ЛИЦА - ВТОРИЧНАЯ ОТВЕТСТВЕННОСТЬ
Начальный элемент ввода Ягужинский
Часть имени, кроме начального элемента ввода И.С.
Код отношения Иллюстратор
801 #0 - ИСТОЧНИК ЗАПИСИ
Страна российская федерация
Организация NLR
Правила каталогизации psbo
801 #1 - ИСТОЧНИК ЗАПИСИ
Страна российская федерация
Организация ProSoft-M
Источник данных rusmarc
852 ## - МЕСТОНАХОЖДЕНИЕ И ШИФР ХРАНЕНИЯ
Идентификатор организации NLR
Шифр хранения (Call Number) 38.26.1.28
852 ## - МЕСТОНАХОЖДЕНИЕ И ШИФР ХРАНЕНИЯ
Идентификатор организации NLR
Шифр хранения (Call Number) 134/1227
942 ## - ДОПОЛНИТЕЛЬНЫЕ ЭЛЕМЕНТЫ ЗАПИСИ (АБИС)
Тип экземпляра АБИС Книга
980 ## - КОЛЛЕКЦИЯ
Название коллекции Национальная библиография
Экземпляры
Тип экземпляра Дата поступления Библиотека постоянного хранения Библиотека текущего хранения Место хранения Шифр хранения Штрих-код Статус не для выдачи
Книга 26.10.2013 РНБ (Садовая) РНБ (Садовая) Русский книжный фонд -Главное здание, Ленинский читальный зал 38.26.1.28 5124337-10  
Книга 26.10.2013 РНБ (Садовая) РНБ (Садовая) Русский книжный фонд -Главное здание, Ленинский читальный зал 134/1227 5124337-20